Fundamentals of psychology : with fourteen text pictures
Αποθηκεύτηκε σε:
| Κύριος συγγραφέας: | |
|---|---|
| Μορφή: | Βιβλίο |
| Γλώσσα: | English |
| Δημοσίευση: |
[Harmondsworth, England] :
Penguin Books,
[c1964]
|
| Θέματα: | |
| Ετικέτες: |
Προσθήκη ετικέτας
Δεν υπάρχουν, Καταχωρήστε ετικέτα πρώτοι!
|
MARC
| LEADER | 00000cam a2200000 i 4500 | ||
|---|---|---|---|
| 001 | 1/82693 | ||
| 008 | 960620s1964 eng d | ||
| 020 | |a 0-14-020664-7 | ||
| 035 | |a 1987 |c Αγορά |l 10034014 | ||
| 040 | |a GR-MY-UA |b gre |e aacr | ||
| 041 | 0 | |a eng | |
| 082 | 0 | |a 150 |2 (22) | |
| 100 | 1 | |a Adcock, C. J. | |
| 245 | 1 | 0 | |a Fundamentals of psychology : |b with fourteen text pictures / |c C. J. Adcock |
| 260 | |a [Harmondsworth, England] : |b Penguin Books, |c [c1964] | ||
| 300 | |a 265 σ.; |c 18 εκ. | ||
| 650 | 0 | 0 | |a Human behavior. |
| 650 | 0 | 0 | |a Psychology. |
| 852 | |a INST |b RHODES |e 19960620 |h 150 ADC |p 005400004838 |q 005400004838 |t BK |y 0 | ||
| 852 | |a INST |b RHODES |e 20090205 |h 150 ADC |p 005400031789 |q 005400031789 |t BK |y 0 | ||
| 909 | |a Ρ |b 006064 |c 1987 | ||
| 909 | |a Ρ |b 156851 | ||